Statistics for favorite naruto characters

Click here to take the quiz!

General Stats

  • This quiz has been taken 178 times
  • The average score is 23 of 30

Answer Stats

HintAnswer% Correct
1naruto
99%
5kakashi
98%
11sasuke
98%
14sakura
97%
7itachi
94%
2hinata
93%
26madara
88%
29obito
88%
8shikamaru
88%
15minato
85%
3neji
85%
12tsunade
85%
6rock lee
83%
19jiraiya
82%
18pain
82%
21ino
81%
22kiba
79%
24shino
79%
16gaara
78%
23might guy
73%
13sasori
72%
17temari
70%
28konan
69%
9ten ten
68%
25hidan
63%
4sai
61%
20kushina
60%
10yamato
55%
30shizune
33%
27deidra
9%

Score Distribution

Percentile by Number Answered

Percent of People with Each Score

Your Score History

You have not taken this quiz